000 00799nam a2200205Ia 4500
003 GCL
008 140319s9999 xx 000 0 ara d
040 _aGCL /
_cGCL
082 0 4 _a953.0748
_bخ ك
100 1 _aالخزرجى, على بن الحسن
245 1 0 _aكتاب العقود اللؤلؤية فى تاريخ الدولة الرسولية(ج1 , 2 ) /
_cالخزرجى, على بن الحسن
700 1 _aمحمد بسيونى عسل
260 _a[S.N] :
_bمطبعة الهلال ،
_c1911
300 _a2 مج فى 1
490 _aالهيئة العامة للاستعلامات
_v0
650 0 4 _aالحضارة الاسلامية
650 0 4 _aالدولة الرسولية - اليمن
650 0 4 _aاليمن - تاريخ - العصر الاسلامى
942 _2ddc
_cBK
999 _c31787
_d31787